Estudios galileanos
Saved in:
| Hovedforfatter: | |
|---|---|
| Format: | Bog |
| Sprog: | spansk |
| Udgivet: |
Madrid
Siglo XXI
1981
|
| Udgivelse: | 2a. ed |
| Fag: | |
| Tags: |
Tilføj Tag
Ingen Tags, Vær først til at tagge denne postø!
|
MARC
| LEADER | 00000nam a2200000 a 4500 | ||
|---|---|---|---|
| 001 | UCT1003 | ||
| 003 | CL-VaPUC | ||
| 008 | 960913e19810000SP |||||||||||||||||spa|d | ||
| 082 | 0 | 4 | |a 501 |b KOY |2 21 |
| 100 | |a Koyré, Alexandre |e author |9 576797 | ||
| 245 | 1 | 0 | |a Estudios galileanos |
| 250 | |a 2a. ed | ||
| 300 | |a 332 p | ||
| 942 | |c BK | ||
| 945 | |d 19960913 00:00:00 |a cmena | ||
| 260 | |a Madrid |b Siglo XXI |c 1981 | ||
| 600 | 0 | |a Galilei, Galileo |9 264973 | |
| 650 | 0 | |a Ciencia |9 255691 | |
| 650 | 0 | |a Historiografía |9 257871 | |
| 650 | 0 | |a Actividades científicas |9 340111 | |
| 650 | 7 | |a INERCIA |2 CL-VaPUC |9 344732 | |
| 583 | |a last modification |c 19960913 00:00:00 |k Rodrigo Vera | ||
| 999 | |c 251682 |d 251680 | ||
| 952 | |0 0 |1 0 |2 ddc |4 0 |6 501_000000000000000_KOY_1981 |7 0 |8 A |9 271001 |a BIBCUR |b BIBCUR |c PAC |d 2019-11-19 |i 4532333 |o 501 KOY 1981 |p 4532333 |r 2025-04-22 |w 2019-11-19 |y BK |k FIS | ||